000 01164cam a22003014a 4500
001 15279293
003 OSt
005 20211123092623.0
008 080428s2009 iau 001 0 eng
010 _a 2008019443
020 _a9780073383194 (hard copy : alk. paper)
020 _a0073383198 (hard copy : alk. paper)
040 _aDLC
_cHU
_dDLC
050 0 0 _aGE105
_b.C865 2009
082 0 0 _a363.7
_222
100 1 _aCunningham, William P.
_9193
245 1 0 _aPrinciples of environmental science :
_binquiry & applications /
_cWilliam P. Cunningham, Mary Ann Cunningham.
250 _a5th ed.
260 _aDubuque, IA :
_bMcGraw-Hill,
_cc2009.
300 _axxiii, 408 p. :
_bill.(some col), col. maps.;
_c28 cm.
500 _aIncludes index.
650 0 _aEnvironmental sciences
_vTextbooks.
_97415
700 1 _aCunningham, Mary Ann.
_97416
856 4 1 _3Table of contents only
_uhttp://www.loc.gov/catdir/toc/ecip0817/2008019443.html
906 _a7
_bcbc
_corignew
_d1
_eecip
_f20
_gy-gencatlg
942 _2ddc
_cBOOKS
_n0
999 _c19607
_d19607